| 000 | 00406nam a2200133Ia 4500 | ||
|---|---|---|---|
| 005 | 20251222144839.0 | ||
| 008 | 251222s9999||||xx |||||||||||||| ||spa|| | ||
| 020 | _a84-7908-080-9 | ||
| 082 | _a346.016/S21 | ||
| 100 | _aSantana Molina, Manuel | ||
| 245 | 0 | _aSegundas Nupcias y la Reserva de Bienes en los Furs de Valencia | |
| 264 | _bServicio de Publicaciones de la Universidad de Alicante | ||
| 942 | _cLIB | ||
| 999 |
_c21152 _d21152 |
||